[Event "Michigan Action"]
[Site "Detroit, MI"]
[Date "1997.12.14"]
[Round "4"]
[White "Williams, Ron"]
[Black "Grant, Marco"]
[Result "1-0"]
[WhiteElo "1870"]
[BlackElo "1605"]
[PlyCount "74"]
[EventDate "1997.12.14"]

1. e4 c5 2. Nf3 d6 3. g3 Bg4 4. Bg2 Nc6 5. h3 Bd7 6. O-O Nf6 7. d3 h6 8. Re1
Qc7 9. Nc3 e5 10. Be3 g5 11. Nh2 Be7 12. Qd2 O-O-O 13. Nb5 Qb6 14. c4 a6 15.
Nc3 Rdg8 16. a3 Qd8 17. g4 Nd4 18. Bxd4 exd4 19. Ne2 h5 20. f3 hxg4 21. fxg4
Rh7 22. Ng3 Ne8 23. b4 Nc7 24. Qf2 Ne6 25. Nh5 f6 26. Nf1 Qf8 27. Nfg3 Be8 28.
Qf5 Qf7 29. bxc5 dxc5 30. Rab1 Rf8 31. Rb6 Bc6 32. Reb1 Bd8 33. R6b2 Ba5 34.
Nxf6 Qe7 35. Qxh7 Qxh7 36. Nxh7 Rf7 37. Nxg5 Nxg5 1-0

[Event "Michigan Action"]
[Site "Detroit, MI"]
[Date "1997.12.14"]
[Round "6"]
[White "Thompson, Dexter"]
[Black "Sanborn, Richard"]
[Result "1-0"]
[WhiteElo "2205"]
[BlackElo "1730"]
[PlyCount "111"]
[EventDate "1997.12.14"]

1. e4 e5 2. Nf3 Nc6 3. d4 exd4 4. c3 d3 5. Bxd3 Bc5 6. Bc4 d6 7. b4 Bb6 8. Qb3
Qe7 9. O-O Be6 10. Na3 Nf6 11. Re1 h6 12. e5 Bxc4 13. Nxc4 Bxf2+ 14. Kxf2 Ng4+
15. Kg1 O-O 16. exd6 Qd7 17. b5 Na5 18. Nxa5 Qxd6 19. Ba3 Qb6+ 20. Nd4 Rfd8 21.
Nc4 Qf6 22. Nf3 Rd3 23. Nce5 Nxe5 24. Nxe5 Rd2 25. Qxf7+ Qxf7 26. Nxf7 Kxf7 27.
Re7+ Kg6 28. Rxc7 Rad8 29. Bc5 Rc2 30. Be3 Rd3 31. Bd4 Rxd4 32. Rxg7+ Kxg7 33.
cxd4 Rb2 34. a4 Rb4 35. d5 Rd4 36. Rc1 Rxa4 37. Rc7+ Kf6 38. Rxb7 Ke5 39. b6 a5
40. Ra7 Rb4 41. b7 Rb5 42. Kf2 Kd6 43. Rxa5 Rxb7 44. Ra6+ Kxd5 45. Rxh6 Ke5 46.
Kg3 Kf5 47. Rh5+ Kg6 48. Rc5 Rb3+ 49. Kh4 Rb4+ 50. g4 Rb6 51. h3 Ra6 52. Rg5+
Kh6 53. Rf5 Rb6 54. Kg3 Rb3+ 55. Rf3 Rb6 56. h4 1-0

[Event "Michigan Action"]
[Site "Detroit, MI"]
[Date "1997.12.14"]
[Round "2"]
[White "Thompson, Dexter"]
[Black "Jointer, William"]
[Result "1-0"]
[WhiteElo "2205"]
[BlackElo "1605"]
[PlyCount "91"]
[EventDate "1997.12.14"]

1. e4 c5 2. Nf3 Nc6 3. d4 cxd4 4. c3 dxc3 5. Nxc3 d6 6. Bc4 Nf6 7. e5 Nd7 8.
Bxf7+ Kxf7 9. e6+ Kg8 10. exd7 Qxd7 11. O-O h5 12. Re1 Rh7 13. Ng5 Rh6 14. Bf4
e5 15. Qd5+ Re6 16. a3 Ne7 17. Qb3 Ng6 18. Bd2 Be7 19. Nxe6 Qxe6 20. Nd5 Qf7
21. Nxe7+ Nxe7 22. Qxf7+ Kxf7 23. Bb4 Ke6 24. f4 Nf5 25. Rad1 Bd7 26. Bxd6 Nxd6
27. Rxe5+ Kf7 28. Rxd6 Bc6 29. h3 g6 30. b4 a6 31. g4 hxg4 32. hxg4 Rh8 33. g5
Rh3 34. Rf6+ Kg7 35. Re7+ Kg8 36. Rd6 Kf8 37. Rc7 Ke8 38. Rxg6 Kd8 39. Rcg7 Re3
40. Rf6 Re8 41. a4 Kc8 42. a5 Kb8 43. Rxc6 bxc6 44. g6 Re4 45. Rf7 Rxb4 46. g7
1-0

[Event "Michigan Action"]
[Site "Detroit, MI"]
[Date "1997.12.14"]
[Round "4"]
[White "Thompson, Dexter"]
[Black "Gentry, Bronson"]
[Result "1-0"]
[WhiteElo "2205"]
[BlackElo "1765"]
[PlyCount "53"]
[EventDate "1997.12.14"]

1. e4 c5 2. d4 cxd4 3. c3 dxc3 4. Nxc3 Nc6 5. Nf3 e6 6. Bc4 Bb4 7. O-O Bxc3 8.
bxc3 Qc7 9. Nd4 Nge7 10. Nb5 Qe5 11. Nd6+ Kf8 12. Be3 Qxc3 13. Rc1 Qf6 14. f4
Nd8 15. e5 Qg6 16. Bd3 Qh6 17. Qf3 g6 18. f5 Qh5 19. f6 Nec6 20. Qxh5 gxh5 21.
Bh6+ Kg8 22. Rce1 Nd4 23. Re3 h4 24. Rf4 Nf5 25. Rg4+ Ng7 26. Rxg7+ Kf8 27.
Rg4# 1-0

[Event "Michigan Action"]
[Site "Detroit, MI"]
[Date "1997.12.14"]
[Round "4"]
[White "Spindleman, Brian"]
[Black "Norwood, Wayne"]
[Result "0-1"]
[WhiteElo "1605"]
[BlackElo "1605"]
[PlyCount "48"]
[EventDate "1997.12.14"]

1. e4 e5 2. f4 f5 3. Nc3 exf4 4. Nf3 fxe4 5. Nxe4 Qe7 6. d3 d5 7. Bxf4 dxe4 8.
Bg5 exf3+ 9. Bxe7 Bxe7 10. Qxf3 Nf6 11. Qe3 Ng4 12. Qe4 Nc6 13. h3 Nf6 14. Qe3
Nb4 15. Qd2 Nc6 16. O-O-O Nd7 17. Re1 h6 18. g4 Nce5 19. Qe3 Bg5 20. Qxg5 hxg5
21. d4 O-O 22. dxe5 Re8 23. e6 Nc5 24. e7 b6 {[Remainder unavailable]} 0-1

[Event "Michigan Action"]
[Site "Detroit, MI"]
[Date "1997.12.14"]
[Round "6"]
[White "Spencer, Tyrone"]
[Black "Finegold, Spencer"]
[Result "1-0"]
[WhiteElo "1605"]
[BlackElo "1605"]
[PlyCount "51"]
[EventDate "1997.12.14"]

1. e4 e5 2. Nf3 Nf6 3. Nc3 Nc6 4. Bc4 Bb4 5. Ng5 O-O 6. Bxf7+ Kh8 7. Bd5 Bxc3
8. dxc3 Nxd5 9. exd5 Ne7 10. Qh5 h6 11. Nf7+ Rxf7 12. Qxf7 d6 13. O-O c6 14.
dxc6 Nxc6 15. Qf3 Kh7 16. Qe3 Qf6 17. f4 Qg6 18. g3 Qh5 19. Rf2 Qg4 20. Qe4+
Kh8 21. Bd2 Qf5 22. Qxf5 Bxf5 23. fxe5 Bxc2 24. exd6 Rd8 25. Bf4 Be4 26. Rd1 {
[Remainder illegible]} 1-0

[Event "Michigan Action"]
[Site "Detroit, MI"]
[Date "1997.12.14"]
[Round "5"]
[White "Smith, Tyrnn"]
[Black "Ohlemacher, Scott"]
[Result "0-1"]
[WhiteElo "1605"]
[BlackElo "1605"]
[PlyCount "42"]
[EventDate "1997.12.14"]

1. e4 c5 2. Nf3 d6 3. d4 cxd4 4. Nxd4 Nc6 5. Nxc6 bxc6 6. Be2 Nf6 7. O-O Nxe4
8. f3 Qb6+ 9. Kh1 Nf2+ 10. Rxf2 Qxf2 11. Nc3 Qb6 12. Na4 Qa5 13. b3 g6 14. Bd2
Qc7 15. Qe1 Qd7 16. Ba5 Bg7 17. Rd1 O-O 18. c4 c5 19. f4 Bb7 20. b4 Qxa4 21.
Bc7 Qc6 0-1

[Event "Michigan Action"]
[Site "Detroit, MI"]
[Date "1997.12.14"]
[Round "2"]
[White "Smith, Tyrnn"]
[Black "Goerke, Daniel"]
[Result "0-1"]
[WhiteElo "1605"]
[BlackElo "1605"]
[PlyCount "56"]
[EventDate "1997.12.14"]

1. e4 e5 2. Nf3 Nc6 3. Nc3 Nf6 4. Bc4 Bb4 5. d3 d5 6. exd5 Nxd5 7. Bxd5 Qxd5 8.
Bd2 Bxc3 9. Bxc3 O-O 10. O-O Bg4 11. Re1 e4 12. dxe4 Qxd1 13. Raxd1 Rfe8 14.
Re3 f6 15. Rde1 Bxf3 16. Rxf3 Rad8 17. Rg3 Nd4 18. Bxd4 Rxd4 19. f3 Red8 20. c3
Rd1 21. Rxd1 Rxd1+ 22. Kf2 Rd2+ 23. Ke1 Rxb2 24. a3 Rb3 25. f4 Rxa3 26. e5 fxe5
27. fxe5 g6 28. e6 Kf8 0-1

[Event "Michigan Action"]
[Site "Detroit, MI"]
[Date "1997.12.14"]
[Round "3"]
[White "Skidmore, Mike"]
[Black "Thompson, Dexter"]
[Result "0-1"]
[WhiteElo "1930"]
[BlackElo "2205"]
[PlyCount "86"]
[EventDate "1997.12.14"]

1. e4 e5 2. Nf3 Nc6 3. Bb5 a6 4. Ba4 Nf6 5. d3 Bc5 6. O-O h6 7. c3 b5 8. Bb3 d6
9. h3 O-O 10. Re1 Be6 11. Bc2 Bb6 12. Nbd2 Qd7 13. Nf1 Bxh3 14. gxh3 Qxh3 15.
Be3 Nh5 16. N3h2 f5 17. Bb3+ Kh8 18. Be6 Ne7 19. Bxb6 Nf4 20. Qf3 Qxf3 21. Nxf3
Nxe6 22. Be3 fxe4 23. N3d2 exd3 24. Ng3 d5 25. Rab1 Ng6 26. Nb3 Nh4 27. Kh1 e4
28. Nd4 Nxd4 29. Bxd4 Nf3 30. Rf1 Rf4 31. Bxg7+ Kh7 32. Kg2 Rh4 33. Rh1 Rxh1
34. Rxh1 Kxg7 35. Nf5+ Kg6 36. Ne7+ Kf7 37. Nxd5 Rg8+ 38. Kf1 h5 39. Nxc7 h4
40. Nd5 h3 41. Ne3 h2 42. Ng2 d2 43. Ke2 Rxg2 0-1

[Event "Michigan Action"]
[Site "Detroit, MI"]
[Date "1997.12.14"]
[Round "6"]
[White "Skidmore, Mike"]
[Black "Gentry, Loyd"]
[Result "1/2-1/2"]
[WhiteElo "1930"]
[BlackElo "1760"]
[PlyCount "45"]
[EventDate "1997.12.14"]

1. e4 c5 2. Nf3 Nc6 3. Bb5 a6 4. Bxc6 bxc6 5. O-O d5 6. Nc3 Bg4 7. h3 Bh5 8.
Re1 e6 9. g4 Bg6 10. Ne5 Qc7 11. exd5 Bd6 12. Nxc6 Nf6 13. Qf3 O-O 14. d3 exd5
15. Nxd5 Nxd5 16. Qxd5 Rac8 17. Ne5 Rfd8 18. Bf4 Bxe5 19. Qxe5 Qc6 20. Qc3 h5
21. gxh5 Bxh5 22. Re5 Rd5 23. Rae1 1/2-1/2

[Event "Michigan Action"]
[Site "Detroit, MI"]
[Date "1997.12.14"]
[Round "1"]
[White "Skidmore, Mike"]
[Black "Chrzan, Anthony"]
[Result "1-0"]
[WhiteElo "1930"]
[BlackElo "1605"]
[PlyCount "79"]
[EventDate "1997.12.14"]

1. e4 e5 2. Nf3 Nc6 3. Bb5 d6 4. c3 Bd7 5. O-O Nf6 6. d3 h6 7. a3 a6 8. Bc4 Be7
9. Re1 Bg4 10. Nbd2 Qd7 11. b4 b5 12. Ba2 O-O 13. Nf1 Nd8 14. Ne3 Be6 15. Bxe6
Nxe6 16. Nf5 d5 17. Nxe5 Qd8 18. Nc6 Qd7 19. Nfxe7+ Kh8 20. e5 Ng8 21. Nxg8
Kxg8 22. Nd4 Nxd4 23. cxd4 Rfe8 24. Bf4 Re6 25. Qg4 Qe8 26. Rac1 Rc8 27. Rc5 c6
28. Rec1 Kh8 29. Qf3 Kh7 30. h3 f6 31. Qg4 g5 32. Bg3 h5 33. Qf5+ Kg7 34. exf6+
Rxf6 35. Be5 Qd8 36. Bxf6+ Qxf6 37. Qxc8 Qxd4 38. Rxc6 Qxd3 39. Qd7+ Kf8 40.
Rc8# 1-0

[Event "Michigan Action"]
[Site "Detroit, MI"]
[Date "1997.12.14"]
[Round "1"]
[White "Sims, Chris"]
[Black "Thompson, Dexter"]
[Result "0-1"]
[WhiteElo "1605"]
[BlackElo "2205"]
[PlyCount "48"]
[EventDate "1997.12.14"]

1. e4 e5 2. Nf3 Nc6 3. Bb5 a6 4. Ba4 Nf6 5. O-O b5 6. Bb3 Be7 7. Re1 O-O 8. c3
d6 9. h3 Na5 10. Bc2 c5 11. b4 cxb4 12. cxb4 Nc6 13. d4 Bb7 14. a3 Rc8 15. Bb2
Qc7 16. Nc3 exd4 17. Nxd4 Ne5 18. Bb3 g6 19. f4 Nc4 20. Rb1 Nxb2 21. Rxb2 Qxc3
22. Rc2 Qg3 23. e5 Rxc2 24. Nxc2 Qxg2# 0-1

[Event "Michigan Action"]
[Site "Detroit, MI"]
[Date "1997.12.14"]
[Round "5"]
[White "Sims, Chris"]
[Black "Norwood, Wayne"]
[Result "1-0"]
[WhiteElo "1605"]
[BlackElo "1605"]
[PlyCount "47"]
[EventDate "1997.12.14"]

1. e4 e5 2. Nf3 Nc6 3. Bb5 a6 4. Ba4 b5 5. Bb3 Bc5 6. c3 Nf6 7. d4 Bd6 8. dxe5
Bxe5 9. Nxe5 Nxe5 10. O-O O-O 11. Re1 Bb7 12. Bg5 h6 13. Bh4 g5 14. Bg3 Bxe4
15. Bxe5 Bxb1 16. Rxb1 Re8 17. f4 gxf4 18. Bxf4 Rxe1+ 19. Qxe1 Ng4 20. Qg3 h5
21. h3 h4 22. Qxg4+ Kf8 23. Re1 c6 24. Bh6# 1-0

[Event "Michigan Action"]
[Site "Detroit, MI"]
[Date "1997.12.14"]
[Round "3"]
[White "Sims, Chris"]
[Black "Bainbridge, Chris"]
[Result "1-0"]
[WhiteElo "1605"]
[BlackElo "1605"]
[PlyCount "59"]
[EventDate "1997.12.14"]

1. e4 e6 2. d4 c6 3. c4 Bb4+ 4. Nc3 Nf6 5. e5 Ne4 6. Bd2 Qb6 7. Nxe4 Qxd4 8.
Bxb4 Qxe4+ 9. Qe2 d5 10. Qxe4 dxe4 11. f3 Nd7 12. fxe4 Nxe5 13. Nf3 Nxf3+ 14.
gxf3 b6 15. O-O-O a5 16. Bc3 b5 17. cxb5 c5 18. Bxg7 Rg8 19. Bf6 Bb7 20. Rd3
Rg6 21. e5 c4 22. Rc3 Rc8 23. Rxc4 Rxc4+ 24. Bxc4 Bxf3 25. Rf1 Bg2 26. Rd1 Rxf6
27. exf6 h5 28. b6 h4 29. Bb5+ Kf8 30. Rd8# 1-0

[Event "Michigan Action"]
[Site "Detroit, MI"]
[Date "1997.12.14"]
[Round "1"]
[White "Sanborn, Richard"]
[Black "Powell, Antione"]
[Result "1-0"]
[WhiteElo "1805"]
[BlackElo "1605"]
[PlyCount "63"]
[EventDate "1997.12.14"]

1. e4 g6 2. d4 d6 3. f4 e6 4. Nf3 Bg7 5. Bd3 Nf6 6. O-O O-O 7. h3 Nc6 8. c3 a6
9. Be3 Bd7 10. Nbd2 Re8 11. g4 h5 12. g5 Nh7 13. h4 f6 14. e5 fxg5 15. Bxg6 Rf8
16. Qc2 gxf4 17. Bxh7+ Kh8 18. Bf2 dxe5 19. dxe5 Rf7 20. Bg6 Rf8 21. Bc5 Rg8
22. Bf7 Nxe5 23. Bxg8 Qxg8 24. Ng5 Bb5 25. Rxf4 Bd3 26. Qd1 Ng4 27. Ndf3 e5 28.
Rf7 b6 29. Qxd3 bxc5 30. Qg6 Rf8 31. Rxf8 Bxf8 32. Nf7+ 1-0

[Event "Michigan Action"]
[Site "Detroit, MI"]
[Date "1997.12.14"]
[Round "2"]
[White "Sanborn, Richard"]
[Black "Mailing, Ian"]
[Result "0-1"]
[WhiteElo "1805"]
[BlackElo "2135"]
[PlyCount "86"]
[EventDate "1997.12.14"]

1. e4 e6 2. d4 d5 3. Nc3 Nf6 4. e5 Nfd7 5. f4 c5 6. Nf3 Nc6 7. Bb5 a6 8. Bxc6
bxc6 9. Ne2 cxd4 10. Nexd4 c5 11. Ne2 Qb6 12. O-O Be7 13. c3 f5 14. Rb1 O-O 15.
h3 Bb7 16. Be3 Qc7 17. g4 fxg4 18. hxg4 Rad8 19. Rf2 d4 20. cxd4 Bxf3 21. Rxf3
Nxe5 22. Rh3 Nxg4 23. Qc2 Rf5 24. Rc1 Bf6 25. Qe4 Qd7 26. Ng3 Nxe3 27. Nxf5
Nxf5 28. Rd1 Bxd4+ 29. Kh1 Qd5 30. Qxd5 exd5 31. Rb3 Rd6 32. Rb7 Rh6+ 33. Kg2
Ne3+ 34. Kf3 Nxd1 35. b4 c4 36. a4 Nc3 37. b5 axb5 38. axb5 Rb6 39. Rd7 Rxb5
40. f5 Ne4 41. f6 Nxf6 42. Rc7 c3 43. Ke2 Rc5 0-1

[Event "Michigan Action"]
[Site "Detroit, MI"]
[Date "1997.12.14"]
[Round "5"]
[White "Powell, Antione"]
[Black "Spindleman, Brian"]
[Result "1-0"]
[WhiteElo "1605"]
[BlackElo "1605"]
[PlyCount "47"]
[EventDate "1997.12.14"]

1. e4 c5 2. Nf3 d6 3. Bc4 Nc6 4. O-O e6 5. Nc3 Nf6 6. d3 Be7 7. d4 cxd4 8. Nxd4
a6 9. Nxc6 bxc6 10. Qf3 O-O 11. Rd1 Qc7 12. Qg3 Bb7 13. Bh6 Nh5 14. Qg4 d5 15.
Qxh5 dxc4 16. Qg4 Bf6 17. Re1 Rad8 18. f4 Bxc3 19. bxc3 f5 20. Qg5 Rf6 21. exf5
exf5 22. Rab1 Rxh6 23. Re7 Rd7 24. Qxg7# 1-0

[Event "Michigan Action"]
[Site "Detroit, MI"]
[Date "1997.12.14"]
[Round "4"]
[White "Powell, Antione"]
[Black "Spencer, Tyrone"]
[Result "1/2-1/2"]
[WhiteElo "1605"]
[BlackElo "1605"]
[PlyCount "52"]
[EventDate "1997.12.14"]

1. e4 e5 2. Nf3 Nc6 3. Bc4 Nf6 4. Nc3 Bb4 5. O-O d6 6. d3 h6 7. h3 O-O 8. Nd5
Be6 9. Nxf6+ Qxf6 10. Bxe6 Qxe6 11. Nh4 d5 12. c3 Be7 13. Qf3 Bxh4 14. exd5
Qxd5 15. Qxd5 Rad8 16. Qf3 Rfe8 17. Qg4 Bg5 18. Bxg5 hxg5 19. Qxg5 Rxd3 20.
Rfe1 Rd6 21. Re3 Rg6 22. Qf5 Rf6 23. Qd7 Rd6 24. Qxc7 Rf6 25. Qxb7 Re7 26. Qxc6
Rxc6 1/2-1/2

[Event "Michigan Action"]
[Site "Detroit, MI"]
[Date "1997.12.14"]
[Round "4"]
[White "Ohlemacher, Scott"]
[Black "Sims, Chris"]
[Result "0-1"]
[WhiteElo "1605"]
[BlackElo "1605"]
[PlyCount "46"]
[EventDate "1997.12.14"]

1. d4 Nf6 2. Bg5 Ne4 3. Bf4 e6 4. Nd2 Nf6 5. e4 Be7 6. f3 Nc6 7. c3 d5 8. e5
Nh5 9. Be3 Bg5 10. Bxg5 Qxg5 11. Bb5 f6 12. Bxc6+ bxc6 13. Qa4 O-O 14. Qxc6
Qxg2 15. Qxa8 Qxh1 16. Kf2 Qxh2+ 17. Ke3 fxe5 18. dxe5 Qxe5+ 19. Kd3 Ba6+ 20.
Kc2 Rxa8 21. Rf1 d4 22. Rf2 d3+ 23. Kd1 Qa5 {[Remainder illegible]} 0-1

[Event "Michigan Action"]
[Site "Detroit, MI"]
[Date "1997.12.14"]
[Round "1"]
[White "Ohlemacher, Scott"]
[Black "Grams, Paul"]
[Result "0-1"]
[WhiteElo "1605"]
[BlackElo "1730"]
[PlyCount "67"]
[EventDate "1997.12.14"]

1. d4 Nf6 2. Bg5 Ne4 3. Nf3 Nxg5 4. Nxg5 d5 5. e3 e5 6. Nf3 e4 7. Ne5 Nd7 8.
Nxd7 Bxd7 9. c4 c6 10. c5 Be7 11. Nc3 O-O 12. Be2 f5 13. g3 Bg5 14. h4 Bh6 15.
O-O Qc7 16. b4 Bxe3 17. Kg2 Bh6 18. f4 exf3+ 19. Rxf3 Rae8 20. Qc2 f4 21. Raf1
Bg4 22. R3f2 Qd7 23. Bd3 Bh3+ 24. Kg1 Bxf1 25. Rxf1 fxg3 26. Bxh7+ Kh8 27.
Rxf8+ Rxf8 28. Kg2 Rf2+ 29. Qxf2 gxf2 30. Bd3 Qg4+ 31. Kf1 Qxd4 32. Ke2 Qxd3+
33. Kxf2 Qxc3 34. Kg2 0-1

[Event "Michigan Action"]
[Site "Detroit, MI"]
[Date "1997.12.14"]
[Round "3"]
[White "Ohlemacher, Scott"]
[Black "Finegold, Spencer"]
[Result "1-0"]
[WhiteElo "1605"]
[BlackElo "1605"]
[PlyCount "47"]
[EventDate "1997.12.14"]

1. d4 d5 2. c4 e6 3. Nc3 Nf6 4. Bg5 Be7 5. e3 O-O 6. Bd3 Nc6 7. Nf3 Bd7 8. c5
Ng4 9. Bxe7 Nxe7 10. h3 Nf6 11. b4 Bc6 12. b5 Ne4 13. Bxe4 dxe4 14. Ne5 Bd5 15.
O-O Re8 16. Qc2 c6 17. a4 cxb5 18. axb5 a6 19. b6 g6 20. Nxe4 Bxe4 21. Qxe4 Qd5
22. Qxd5 Nxd5 23. Nd7 Nb4 24. Nf6+ 1-0

[Event "Michigan Action"]
[Site "Detroit, MI"]
[Date "1997.12.14"]
[Round "6"]
[White "Norwood, Wayne"]
[Black "Hooker, Larry"]
[Result "0-1"]
[WhiteElo "1605"]
[BlackElo "1605"]
[PlyCount "54"]
[EventDate "1997.12.14"]

1. e4 e5 2. Nf3 Nc6 3. Nc3 Nf6 4. Bc4 Bc5 5. O-O d6 6. d3 Bg4 7. h3 Bh5 8. Bg5
Nd4 9. Bxf6 Qxf6 10. Nd5 Qd8 11. g4 Bg6 12. Nxd4 Bxd4 13. c3 Bb6 14. Nxb6 axb6
15. Qf3 h5 16. d4 Qg5 17. dxe5 dxe5 18. Rad1 hxg4 19. hxg4 Qh4 20. Qg2 Bxe4 21.
f3 Bc6 22. Rfe1 f6 23. g5 Rh5 24. gxf6 Rg5 25. f7+ Kf8 26. f4 Rxg2+ 27. Kf1
Qh1# 0-1

[Event "Michigan Action"]
[Site "Detroit, MI"]
[Date "1997.12.14"]
[Round "3"]
[White "Norwood, Wayne"]
[Black "Berry, DeMarcus"]
[Result "0-1"]
[WhiteElo "1605"]
[BlackElo "1605"]
[PlyCount "86"]
[EventDate "1997.12.14"]

1. e4 c5 2. f4 d5 3. exd5 Qxd5 4. Nc3 Qd8 5. Nf3 Bg4 6. Bb5+ Bd7 7. Bxd7+ Nxd7
8. O-O e6 9. d3 Ngf6 10. Qe2 Be7 11. Be3 O-O 12. Rae1 a6 13. Ne4 Rc8 14. Nxf6+
Bxf6 15. d4 cxd4 16. Bxd4 Bxd4+ 17. Nxd4 Qb6 18. c3 Rfe8 19. Qf3 Nf6 20. b4 Nd5
21. Rc1 Rxc3 22. Rxc3 Qxd4+ 23. Rf2 Nxc3 24. Qxb7 Qd1+ 25. Rf1 Ne2+ 26. Kf2 Qd2
27. Re1 Nxf4+ 28. Kf1 Qd5 29. Qxd5 Nxd5 30. Rb1 Rb8 31. a3 Kf8 32. Ke2 Nc3+ 33.
Kd2 Nxb1+ 34. Kc2 Nxa3+ 35. Kb3 Nb5 36. Kc4 e5 37. Kd5 Nc3+ 38. Kxe5 Rxb4 39.
g4 Rxg4 40. h3 Re4+ 41. Kf5 g6+ 42. Kf6 h6 43. h4 Re6# 0-1

[Event "Michigan Action"]
[Site "Detroit, MI"]
[Date "1997.12.14"]
[Round "2"]
[White "Moody, David"]
[Black "Ohlemacher, Scott"]
[Result "1-0"]
[WhiteElo "2005"]
[BlackElo "1605"]
[PlyCount "61"]
[EventDate "1997.12.14"]

1. e4 c5 2. d4 cxd4 3. c3 dxc3 4. Nxc3 Nc6 5. Nf3 d6 6. Bc4 Nf6 7. e5 dxe5 8.
Qxd8+ Kxd8 9. Ng5 Ke8 10. Nxf7 Rg8 11. Nb5 Kd7 12. Be3 Ne4 13. O-O-O+ Nd6 14.
Nfxd6 exd6 15. Bxg8 a6 16. Nc3 b5 17. Bd5 Bb7 18. Bxc6+ Bxc6 19. Nd5 Bxd5 20.
Rxd5 Rc8+ 21. Kb1 Rc5 22. Bxc5 Be7 23. Bxd6 Bxd6 24. Rhd1 Kc7 25. Rxd6 Kb7 26.
b4 Kc7 27. Rd7+ Kc8 28. Rxg7 h5 29. Rdd7 e4 30. Rdf7 Kd8 31. Rf8# 1-0

[Event "Michigan Action"]
[Site "Detroit, MI"]
[Date "1997.12.14"]
[Round "4"]
[White "Menczer, David"]
[Black "Councell, Keith"]
[Result "1-0"]
[WhiteElo "1605"]
[BlackElo "1605"]
[PlyCount "74"]
[EventDate "1997.12.14"]

1. e4 c6 2. d4 d5 3. Nc3 e6 4. a3 Ne7 5. Nf3 Ng6 6. Bd3 dxe4 7. Bxe4 f5 8. Bd3
Be7 9. Be3 O-O 10. Ne5 Nxe5 11. dxe5 f4 12. Bd2 Nd7 13. Qh5 g6 14. Bxg6 hxg6
15. Qxg6+ Kh8 16. Qh6+ Kg8 17. Bxf4 Rf7 18. O-O-O Qf8 19. Qxe6 Nc5 20. Qc4 Be6
21. Qd4 Rxf4 22. Qe3 Bg5 23. g3 b6 24. Kb1 Rf5 25. f4 Be7 26. Qf3 Rc8 27. b4
Bd5 28. Nxd5 cxd5 29. bxc5 Rxc5 30. Rxd5 Rxd5 31. Qxd5+ Qf7 32. Qa8+ Bf8 33.
Rd1 Kg7 34. Qc6 Bxa3 35. Rd7 Be7 36. Rxa7 Qf8 37. Qxb6 Rf7 {[Remainder
unavailable]} 1-0

[Event "Michigan Action"]
[Site "Detroit, MI"]
[Date "1997.12.14"]
[Round "2"]
[White "Mailing, Ian"]
[Black "Mahabir, Jagdesh"]
[Result "1-0"]
[WhiteElo "2135"]
[BlackElo "1605"]
[PlyCount "57"]
[EventDate "1997.12.14"]

1. e4 d6 2. d4 Nf6 3. Nc3 g6 4. f4 Bg7 5. Nf3 O-O 6. Be3 Bg4 7. Be2 c6 8. Qd2
Nbd7 9. e5 Ne8 10. h3 Be6 11. d5 Bf5 12. g4 Bxc2 13. Qxc2 dxe5 14. fxe5 Nxe5
15. Nxe5 Bxe5 16. O-O-O Nd6 17. h4 Nb5 18. h5 Qd6 19. Na4 Bf4 20. Qe4 Bxe3+ 21.
Qxe3 Qb4 22. Nc5 b6 23. Nd7 Rfe8 24. hxg6 fxg6 25. Qe6+ Kg7 26. Rxh7+ Kxh7 27.
Rh1+ Kg7 28. Qe5+ Kf7 29. Rh7+ 1-0

[Event "Michigan Action"]
[Site "Detroit, MI"]
[Date "1997.12.14"]
[Round "3"]
[White "Mailing, Ian"]
[Black "Finegold, Ben"]
[Result "0-1"]
[WhiteElo "2135"]
[BlackElo "2600"]
[PlyCount "113"]
[EventDate "1997.12.14"]

1. e4 e5 2. Nf3 Nc6 3. c3 Nf6 4. d4 Nxe4 5. d5 Ne7 6. Nxe5 Ng6 7. Nf3 Bc5 8.
Be3 Bxe3 9. fxe3 O-O 10. Bd3 Qe7 11. O-O d6 12. Nd4 Nc5 13. Re1 Qg5 14. Bxg6
Qxg6 15. b4 Nd3 16. Rf1 Bg4 17. Qd2 Rae8 18. Na3 Re7 19. Nac2 Rfe8 20. Kh1 Ne5
21. Rae1 Nc4 22. Qf2 Nb6 23. h3 Bd7 24. Qf3 Qe4 25. Qg3 Nxd5 26. c4 Nb6 27. Rf4
Qg6 28. Qxg6 hxg6 29. Nb5 Bxb5 30. cxb5 Nd5 31. Rf3 Re4 32. g3 Nc3 33. Ref1 f6
34. Nd4 Rxe3 35. Rc1 Rxf3 36. Nxf3 Nd5 37. Rd1 Ne3 38. Rd3 Kf7 39. Kg1 Re7 40.
Kf2 Nc4 41. Nd4 f5 42. Rc3 Nd2 43. Rd3 Ne4+ 44. Kf3 Kf6 45. g4 Ng5+ 46. Kg3 Ne6
47. Nf3 f4+ 48. Kf2 g5 49. Rd5 g6 50. h4 gxh4 51. Nxh4 Ng5 52. Ng2 Ne4+ 53. Kf3
g5 54. Rf5+ Kg6 55. a4 Nf6 56. a5 Rh7 57. b6 0-1

[Event "Michigan Action"]
[Site "Detroit, MI"]
[Date "1997.12.14"]
[Round "5"]
[White "Mailing, Ian"]
[Black "Baze, Lineas"]
[Result "0-1"]
[WhiteElo "2135"]
[BlackElo "2120"]
[PlyCount "70"]
[EventDate "1997.12.14"]

1. e4 c5 2. d4 cxd4 3. c3 d3 4. Bxd3 d6 5. Nf3 Nc6 6. O-O Nf6 7. h3 e6 8. Qe2
Be7 9. Rd1 Qc7 10. Na3 a6 11. Bf4 e5 12. Be3 O-O 13. c4 Nb4 14. Nc2 Nxd3 15.
Qxd3 Qc6 16. Nb4 Qc7 17. Rac1 b6 18. Nd5 Nxd5 19. cxd5 Qb8 20. Rc6 Bd8 21. Rc3
Ra7 22. Rb3 Bd7 23. Rc1 Bb5 24. Qd2 Rc7 25. Rxc7 Bxc7 26. Qb4 Qc8 27. Nd2 f5
28. Nc4 Qd8 29. a4 Bxc4 30. Qxc4 f4 31. Bd2 a5 32. Qc6 Rf7 33. f3 Qd7 34. Be1
Qxc6 35. dxc6 Bd8 {[Remainder unavailable]} 0-1

[Event "Michigan Action"]
[Site "Detroit, MI"]
[Date "1997.12.14"]
[Round "2"]
[White "Mailing, Don"]
[Black "Skidmore, Mike"]
[Result "0-1"]
[WhiteElo "1605"]
[BlackElo "1930"]
[PlyCount "86"]
[EventDate "1997.12.14"]

1. e4 c6 2. d4 d5 3. e5 Bf5 4. Bd3 Bxd3 5. Qxd3 e6 6. Nf3 Ne7 7. Bg5 h6 8. Bh4
Qc7 9. Nbd2 Nf5 10. Nb3 Nxh4 11. Nxh4 Be7 12. Nf3 Nd7 13. O-O O-O 14. c3 c5 15.
dxc5 Nxe5 16. Nxe5 Qxe5 17. Rfe1 Qc7 18. Qd4 Rac8 19. Re3 Bxc5 20. Nxc5 Qxc5
21. Qg4 Qc4 22. Qd4 Qxd4 23. cxd4 Rc2 24. Rb1 Rfc8 25. Kf1 Rd2 26. Re2 Rxd4 27.
Ke1 Rdc4 28. Rd2 Rc1+ 29. Rxc1 Rxc1+ 30. Ke2 Kf8 31. Kd3 Ke7 32. Rc2 Rxc2 33.
Kxc2 d4 34. Kd3 e5 35. f4 f6 36. f5 Kd6 37. Ke4 Kc5 38. g4 Kc4 39. h4 d3 40.
Ke3 e4 41. Kd2 Kd4 42. h5 e3+ 43. Kd1 Ke4 0-1

[Event "Michigan Action"]
[Site "Detroit, MI"]
[Date "1997.12.14"]
[Round "6"]
[White "Mailing, Don"]
[Black "Gillom, Donte"]
[Result "0-1"]
[WhiteElo "1605"]
[BlackElo "1605"]
[PlyCount "39"]
[EventDate "1997.12.14"]

1. e4 e5 2. Nf3 d6 3. Nc3 Nc6 4. Bb5 Bd7 5. O-O Nf6 6. d3 Be7 7. Bc4 O-O 8. d4
exd4 9. Nxd4 Nxd4 10. Qxd4 a6 11. f4 b6 12. Bd3 d5 13. e5 Bc5 14. Be3 Bxd4 15.
Bxd4 Ne8 16. Rf3 c5 17. Bf2 d4 18. Ne4 Bc6 19. Rf1 Bxe4 20. Bxe4 {[Remainder
illegible]} 0-1

[Event "Michigan Action"]
[Site "Detroit, MI"]
[Date "1997.12.14"]
[Round "4"]
[White "Mahaffy, Mike"]
[Black "Grams, Paul"]
[Result "0-1"]
[WhiteElo "1605"]
[BlackElo "1730"]
[PlyCount "70"]
[EventDate "1997.12.14"]

1. d4 Nf6 2. Bg5 Ne4 3. Nf3 Nxg5 4. Nxg5 d5 5. e3 e5 6. dxe5 Qxg5 7. Qxd5 c6 8.
Qd4 Be7 9. f4 Qg6 10. Bd3 Qxg2 11. Be4 Bh4+ 12. Kd1 Qg4+ 13. Kd2 O-O 14. f5 Rd8
15. Qxd8+ Bxd8 16. Bd3 Qg2+ 17. Kc3 Qxh1 18. b3 Qc1 19. e4 c5 20. Bc4 Nc6 21.
e6 Bf6+ 22. Kd3 Nb4+ 23. Ke2 Nxc2 24. exf7+ Kf8 25. Nd2 Qxa1 26. Nf3 Nd4+ 27.
Kf2 Qb2+ 28. Kg3 Nxf5+ 29. Kf4 Nh6 30. e5 g5+ 31. Ke4 Bf5+ 32. Kd5 Rd8+ 33.
Kxc5 Be7+ 34. Kb5 Bd7+ 35. Ka5 Qa3# 0-1